000 01074nam a2200301Ia 4500
001 17587
003 IT-RoPAU
008 130308s9999 xx 000 0 und d
040 _aIT-RoPAU
040 _cIT-RoPAU
041 _aITALIANO
100 _aGilardi Ando
100 _gCodice Aut. SPICS: 6073
245 _aWanted!-Storia tecnica ed estetica della fotografia criminale segnaletica e giudiziaria
245 _bWanted!-Storia Tecnica ed Estetica della fotografia criminale segnaletica e Giudiziaria
250 _a1a ed.
260 _aMILANO
260 _bMazzotta
260 _c1978 [1° Ed.:1978 - Ed.Ling.Originale:1978]
300 _a"224 p. (prefazione: no ; testo: 224)"
500 _aContributo All'Arte Contemporanea Fotoreportage Cartoline e Illustrazioni Daguerre medicina legale e fotografia Fotosegnaletica Alphonse Bertillon Applicazione della segnaletica Sillabari della fotografia Bibliografia
650 _aSAGGI DI FOTOGRAFIA
650 _eCodice materia Spics: 6761
942 _cBK
957 _71
999 _c70745
_d70745
999 _bSI
999 _g1